| 000 | 00985cam a22003014a 4500 | ||
|---|---|---|---|
| 999 |
_c522503 _d522503 |
||
| 001 | 15700562 | ||
| 003 | NUST | ||
| 005 | 20181030105047.0 | ||
| 008 | 090415s1999 xxua 000 0 eng d | ||
| 010 | _a 2009277409 | ||
| 020 | _a1883219507 | ||
| 020 | _a9781883219505 | ||
| 035 | _a(OCoLC)ocm64401100 | ||
| 038 | _aArshad | ||
| 040 |
_aIBA _cIBA _dBAKER _dBTCTA _dYDXCP _dDLC |
||
| 042 | _alccopycat | ||
| 050 | 0 | 0 |
_aHF5438.25 _b.K53 1999 |
| 082 |
_a658.85 _bKHA |
||
| 100 | 1 |
_aKhalsa, Mahan. _912380 |
|
| 245 | 1 | 0 |
_aLet's get real or let's not play : _bthe demise of dysfunctional selling and the advent of helping clients succeed / _cMahan Khalsa. |
| 260 |
_aUSA: _bFranklin Covey, _c1999. |
||
| 300 |
_axi, 239 p. : _bill. ; _c24 cm. |
||
| 650 | 0 |
_aSelling. _912271 |
|
| 650 | 0 |
_aSelling _xMoral and ethical aspects. _912381 |
|
| 906 |
_a7 _bcbc _ccopycat _d2 _encip _f20 _gy-gencatlg |
||
| 942 |
_2ddc _cBK |
||